แสดงรายละเอียดบรรณานุกรม
  กลับหน้าหลัก

Brief Record : Get Marc (ISO 2709) : E-mail record : QR code ปิดหน้าต่าง
LEADER 00000nama 2200000uu 4500
001    195955
003     ULIBM
008    040531s|||| th m m a000 0 tha d
020    974-340-597-6
041    tha
050    BQ4570.F65 พ418
100    เรียบเรียงโดย พระอาจารย์ทูล ขิปปญโญ.
245    พุทธทำนาย 16 ข้อ ทุกอย่างสำเร็จได้ด้วยใจ.
260    กรุงเทพฯ. ชวนพิมพ์. [ 2542].
300    50หน้า.
600    พุทธทำนาย.
650    พุทธศาสนากับชีวิตประจำวัน.
995    001
รายการนี้ยังไม่มีแท็ก
คุณยังไม่ได้ล็อกอิน คุณสามารถมีกิจกรรมร่วมกับเว็บไซต์ได้ แต่ต้องล็อกอินก่อน ::
  ล็อกอิน
ลำดับที่ ประเภท เลขเรียก สถานที่ สถานะ
1. หนังสือทั่วไป
หนังสือทั่วไป
BQ4570.F65 พ418  
  
หนังสือทั่วไป On Shelf
  ขอยืม
   [แสดง 1/1 รายการ]

รายการใกล้เคียง
    หัวเรื่อง [พุทธศาสนากับชีวิตประจำวัน.]

BibComment


ยังไม่เคยถูกคอมเมนท์

คอมเมนท์ทรัพยากรรายการนี้
  คอมเมนท์: พุทธทำนาย 16 ข้อ ..
Bib 195955

 
 
 

 Union Library Management : ULibM
Copyright 2026. All Rights Reserved.
скачать бесплатно без регистрации порно красивый секс HD Sex Hindi sex

xxx gou

xxxx

bfxxx

xxxwww

Секса Видео

xxxx

Секса Видео

detube

geilexxx

C99 Shell

worms shell

blod xxx video
Ebony Coed Rihanna Rimes Takes A Dick In Her Young Twat priyaa indian fuck anal and pusssy hardcore indian women xxx desi hardcore fucking part 1 bengalixxxcouple